| 000 | 01095nas a2200361 4500 | ||
|---|---|---|---|
| 001 | BR2013000096 | ||
| 003 | BR-BrBNA | ||
| 005 | 20231205121740.0 | ||
| 007 | ta | ||
| 008 | 230509b bl.|||p| |||| 00| 00por d | ||
| 040 |
_aBR-BrBNA _bpor _cBiblioteca Nacional de Agricultura |
||
| 041 | _a(Pt) | ||
| 072 | _aF30 | ||
| 100 | 1 | _aRufino, E.R. | |
| 100 | 1 | _aSiqueira, W.J. | |
| 100 | 1 | _aMarques, M.O.M. | |
| 100 | 1 | _aColombo, C.A. | |
| 100 | 1 | _aChiorato, A.F. | |
| 100 | 1 | _aAzevedo Filho, J.A. | |
| 100 | 1 | _aLourenção, A.L. | |
| 100 | 1 | _aYamamoto, P.Y. | |
| 100 | 1 | _aMartins, A.L.M. | |
| 245 | 1 | _aEstimativas de parâmetros genéticos de caracteres relacionados ao vigor de estcas em Lippia alba | |
| 650 | _aERVA CIDREIRA | ||
| 650 | _aLIPPIA ALBA | ||
| 650 | _aMELHORAMENTO GENÉTICO VEGETAL | ||
| 650 | _aPLANTA MEDICINAL | ||
| 650 | _aPARÂMETRO GENÉTICO | ||
| 650 | _aVARIAÇÃO GENÉTICA | ||
| 773 | 0 |
_tBragantia (Brazil) _xISSN 0006-8705 _gOct-Dec (2010), v. 69(4) p. 779-785 _wBR2013000096 |
|
| 909 |
_a202311 _bLúcia _c55 _dLúcia Elande |
||
| 942 |
_2AGRIS _n0 _cANA |
||
| 999 |
_c225046 _d225046 |
||